000 01019nam a22003257a 4500
001 BR4400034
003 BR-BrBNA
005 20230928082923.0
007 ta
008 230509b bl.||||| |||| 00| 0 por d
040 _aBR-BrBNA
_bpor
_cBiblioteca Nacional de Agricultura
041 _a(Por)
072 _aL00; L70
_b5213
_b/G514
090 _ 5213 BR4400034
100 1 _aVillares, J.B.
110 1 _aSecretaria da Agricultura, Industria e Comercio do Estado de Sao Paulo, Sao Paulo (Brasil). Diretoria de Publicidade Agricola
245 1 _aPorque descornar o zebu? [Bos indicus; Producao animal; Veterinaria]
260 3 _aSao Paulo, SP (Brasil):
_c1944.
300 _a12 p.
500 _a9 illus.; Reprint of "Boletim da Agricultura" no. unico 1942
650 _aProducao animal
650 _aVeterinaria
650 _aGado Zebu
650 _aGado de corte
650 _aGado indubrasil
650 _aMeio sangue
650 _aDescorna
909 _a202309
_bLucia
_c55
_dLucia Elande
942 _cBK
999 _c10623
_d10623